Statistics for Cities in Scotland

Click here to take the quiz!

General Stats

  • This quiz has been taken 74 times
  • The average score is 6 of 7

Answer Stats

Answer% Correct
Edinburgh
99%
Glasgow
99%
Aberdeen
94%
Dundee
87%
Inverness
86%
Perth
66%
Stirling
64%

Score Distribution

Percentile by Number Answered

Percent of People with Each Score

Your Score History

You have not taken this quiz